[Event "3rd HD Bank Cup 2013"]
[Site "Ho Chi Minh City VIE"]
[Date "2013.03.23"]
[Round "7.6"]
[White "Nguyen Duc Hoa"]
[Black "Wei Yi"]
[Result "1/2-1/2"]
[WhiteElo "2492"]
[BlackElo "2526"]

1.d4 Nf6 2.c4 g6 3.Nc3 d5 4.Bg5 Ne4 5.Bh4 Nxc3 6.bxc3 dxc4 7.e3 Be6 8.Qb1 c5
9.Qxb7 Bd5 10.Qb5+ Qd7 11.Rb1 Nc6 12.Nf3 f6 13.Bg3 a6 14.Qa4 Ne5 15.Qd1 Nxf3+
16.gxf3 cxd4 17.cxd4 Bh6 18.Be2 O-O 19.Qc2 Rac8 20.O-O f5 21.Be5 Qc6 22.Rfc1 c3
23.Qd3 Bxf3 24.Bxf3 Qxf3 25.Rxc3 Qg4+ 26.Bg3 Rxc3 27.Qxc3 Bg7 28.Qc6 Kh8
29.Qe6 g5 30.Rc1 h5 31.h3 Qxh3 32.Be5 Qg4+ 33.Kf1 Bxe5 34.Qxe5+ Kg8 35.Qe6+ Kg7
36.Qxe7+ Rf7 37.Qe5+ Kh7 38.Qe6 Kg7 39.Qe5+ Kh7 40.Qe6 Kg7 41.Qe5+  1/2-1/2

[Event "3rd HD Bank Cup 2013"]
[Site "Ho Chi Minh City VIE"]
[Date "2013.03.23"]
[Round "8.7"]
[White "Wei Yi"]
[Black "Papp,Ga"]
[Result "1/2-1/2"]
[WhiteElo "2526"]
[BlackElo "2582"]

1.e4 e5 2.Nf3 Nf6 3.Nxe5 d6 4.Nf3 Nxe4 5.d4 d5 6.Bd3 Nc6 7.O-O Be7 8.c4 Nb4
9.Be2 O-O 10.Nc3 Bf5 11.a3 Nxc3 12.bxc3 Nc6 13.Bf4 Rc8 14.cxd5 Qxd5 15.Re1 Rfe8
16.g3 Bf6 17.Nd2 Na5 18.Bf3 Rxe1+ 19.Qxe1 Qd7 20.Qe3 Re8 21.Ne4 Be7 22.Re1 Kf8
23.d5 b6 24.d6 Bxd6 25.Nf6 Rxe3 26.Nxd7+ Bxd7 27.Bxd6+ cxd6 28.Rxe3 Nc4 29.Re1 Nxa3
30.Be2 Nb5 31.Bxb5 Bxb5 32.f4 Bc4 33.Rb1 Ke7 34.Kf2 Ke6 35.Re1+ Kd7 36.Ke3 a5
37.Ra1 d5 38.Kd4 Bb3 39.g4 a4 40.h4 h6 41.h5 f6 42.Kd3 Kd6 43.Kd2 b5 44.Re1 a3
45.Ra1 a2 46.Kc1 Bc4 47.Kb2 Ke7 48.Re1+ Kf7 49.f5 Kf8 50.Re6 Kf7 51.Rd6 Kf8
52.Rd7 Kg8 53.Re7 Kf8 54.Re1 Kf7 55.Rg1  1/2-1/2

[Event "3rd HD Bank Cup 2013"]
[Site "Ho Chi Minh City VIE"]
[Date "2013.03.24"]
[Round "9.6"]
[White "Zeng,C"]
[Black "Wei Yi"]
[Result "1-0"]
[WhiteElo "2490"]
[BlackElo "2526"]

1.c4 g6 2.Nc3 c5 3.Nf3 Bg7 4.g3 Nc6 5.Bg2 e6 6.d3 Nge7 7.h4 d5 8.cxd5 exd5
9.h5 Bg4 10.h6 Bf6 11.Qa4 Bxf3 12.Bxf3 O-O 13.O-O Nd4 14.Bg2 b5 15.Qa6 Qb6
16.Qxb6 axb6 17.e3 Nc2 18.Rb1 Rfd8 19.a3 b4 20.axb4 Nxb4 21.Rd1 Bg5 22.e4 Bxc1
23.Rbxc1 d4 24.Nb5 Ra2 25.Rb1 g5 26.e5 Ng6 27.e6 fxe6 28.Be4 Nd5 29.Re1 Kf7
30.Bxg6+ hxg6 31.Ra1 Rxa1 32.Rxa1 Kf6 33.Ra7 Nb4 34.h7 Nxd3 35.Nd6 Nxb2 36.f4 gxf4
37.gxf4 e5 38.Nf7 Rc8 39.Rc7 Ra8 40.Rd7 Kg7 41.Nxe5+ Kf6 42.Nf7 Kg7 43.Ne5+ Kf6
44.Rd6+ Kg7 45.Rxb6 Nd1 46.Rb7+ Kh6 47.Ng4+ Kh5 48.Nf6+ Kh4 49.Ng8 Kg3 50.h8=Q Ra2
51.Rb3+ Ne3 52.Rxe3+ dxe3 53.Kf1 Rd2 54.Nf6  1-0

[Event "ch-CHN 2013"]
[Site "Xinghua CHN"]
[Date "2013.04.16"]
[Round "1.3"]
[White "Wei Yi"]
[Black "Zhou Jianchao"]
[Result "1/2-1/2"]
[WhiteElo "2530"]
[BlackElo "2607"]

1.e4 c5 2.Nf3 Nc6 3.Bb5 e6 4.O-O Nge7 5.Re1 a6 6.Bf1 d5 7.exd5 Nxd5 8.d4 Nf6
9.Be3 cxd4 10.Nxd4 Bd7 11.c4 Nxd4 12.Bxd4 Bc6 13.Nc3 Be7 14.a3 O-O 15.b4 Qd6
16.c5 Qf4 17.g3 Qf5 18.Bd3 Qh3 19.Bf1 Qf5 20.Re5 Qf3 21.Qxf3 Bxf3 22.Re3 Bc6
23.Rd3 Rfd8 24.Rad1 Nd5 25.Bg2 Kf8 26.f4 Nxc3 27.Bxc3 Rxd3 28.Rxd3 Bxg2 29.Kxg2 Rd8
30.Rxd8+ Bxd8 31.a4 g6 32.Kf3 h5 33.Ke4 Ke7 34.Kd4 Kd7 35.Kc4 Kc6 36.b5+ axb5+
37.axb5+ Kd7 38.Kd3 Be7 39.Bd4 Bd8 40.Ke4 Be7 41.h3 Bd8 42.g4 hxg4 43.hxg4 f5+
44.gxf5 gxf5+ 45.Kd3 Bc7 46.Ke3 Bb8 47.Bc3 Bc7 48.Bd4  1/2-1/2

[Event "ch-CHN 2013"]
[Site "Xinghua CHN"]
[Date "2013.04.17"]
[Round "2.5"]
[White "Bu Xiangzhi"]
[Black "Wei Yi"]
[Result "1/2-1/2"]
[WhiteElo "2662"]
[BlackElo "2530"]

1.Nf3 Nf6 2.c4 e6 3.Nc3 d5 4.d4 c5 5.cxd5 cxd4 6.Qxd4 exd5 7.e4 Nc6 8.Bb5 dxe4
9.Qxd8+ Kxd8 10.Ng5 Be6 11.Bxc6 bxc6 12.Nxe6+ fxe6 13.Bg5 Bb4 14.O-O-O+ Kc7
15.Bxf6 gxf6 16.Nxe4 Rhg8 17.a3 Be7 18.g3 Rad8 19.Rhe1 Rxd1+ 20.Kxd1 e5 21.Kc2 h5
22.Nd2 Bc5 23.Ne4 Be7 24.Nd2 Bc5 25.Ne4 Be7 26.Nd2  1/2-1/2

[Event "ch-CHN 2013"]
[Site "Xinghua CHN"]
[Date "2013.04.18"]
[Round "3.2"]
[White "Wei Yi"]
[Black "Li Chao2"]
[Result "1-0"]
[WhiteElo "2530"]
[BlackElo "2686"]

1.e4 e5 2.Nf3 Nc6 3.Bb5 Nf6 4.Nc3 Nd4 5.Bc4 Bc5 6.Nxe5 Qe7 7.Nf3 d5 8.Bxd5 c6
9.Nxd4 Bxd4 10.Bb3 Ng4 11.Qf3 Bxf2+ 12.Ke2 Bh4 13.h3 Ne5 14.Qe3 b6 15.d3 Ba6
16.g3 Bf6 17.Kf2 O-O-O 18.Kg2 Rhe8 19.Qf2 Kb7 20.Bf4 Bxd3 21.cxd3 Nxd3 22.Qe2 Nxb2
23.Qxb2 g5 24.Bxg5 Bxg5 25.Rad1 f5 26.exf5 Bf6 27.Rxd8 Rxd8 28.Qe2 Qb4 29.Ne4 Rd4
30.Bc2  1-0

[Event "ch-CHN 2013"]
[Site "Xinghua CHN"]
[Date "2013.04.19"]
[Round "4.6"]
[White "Xiu Deshun"]
[Black "Wei Yi"]
[Result "0-1"]
[WhiteElo "2534"]
[BlackElo "2530"]

1.Nf3 Nf6 2.c4 e6 3.Nc3 d5 4.d4 Bb4 5.cxd5 exd5 6.Bg5 Qd6 7.Nd2 Bf5 8.e3 Nbd7
9.Qb3 c5 10.Bxf6 Nxf6 11.Bb5+ Ke7 12.O-O cxd4 13.exd4 Rhc8 14.Rfe1+ Kf8 15.Re5 Bg6
16.Be2 Qb6 17.Nxd5 Nxd5 18.Nc4 Rxc4 19.Bxc4 Nc7 20.Re3 Bd6 21.Qxb6 axb6 22.Rd1 f6
23.a3 b5 24.Bb3 b4 25.axb4 Bxb4 26.g3 Rd8 27.d5 Bc5 28.Rc3 b6 29.Bc4 Be4
30.h3 Rd6 31.Ba2 Nxd5 32.Rc4 Ne3 33.Rxd6 Nxc4 34.Re6 Nd6 35.g4 Bf3 36.Bb1 Nf7
37.Re1 Ng5 38.h4 Nh3+ 39.Kh2 Bxg4 40.f3 Bd6+ 41.Kg2 Nf4+ 42.Kf2 Bh5 43.Be4 Bg6
44.Ra1 Bxe4 45.fxe4 Nd3+ 46.Ke3 Nxb2 47.Kd4 Be5+ 48.Kd5 Nd3 49.Ra7 Nf4+ 50.Kc6 h5  0-1

[Event "ch-CHN 2013"]
[Site "Xinghua CHN"]
[Date "2013.04.20"]
[Round "5.1"]
[White "Wei Yi"]
[Black "Hou Yifan"]
[Result "1/2-1/2"]
[WhiteElo "2530"]
[BlackElo "2617"]

1.e4 c5 2.Nf3 d6 3.d4 cxd4 4.Nxd4 Nf6 5.Nc3 a6 6.Be3 e6 7.Be2 Qc7 8.g4 b5
9.g5 Nfd7 10.f4 Nc6 11.a3 Rb8 12.h4 Nc5 13.b4 Nd7 14.Kf2 g6 15.Bxb5 axb5
16.Ndxb5 Rxb5 17.Nxb5 Qb8 18.Qd3 Be7 19.Qc3 Qxb5 20.Qxh8+ Bf8 21.Qc3 e5 22.a4 Qb7
23.b5 Ne7 24.a5 exf4 25.Bd4 Qxb5 26.Qd3 Qc6 27.a6 Nc5 28.Bxc5 Qxc5+ 29.Kg2 Nc6
30.Rhb1 Bg7 31.Ra2 Be5 32.c3 Be6 33.Rb8+ Ke7 34.Rb5 f3+ 35.Kh1 Qc4 36.Qxc4 Bxc4
37.a7 Nxa7 38.Rxa7+ Kf8 39.Rb8+ Kg7 40.Raa8 h6 41.Kg1 hxg5 42.hxg5 Bxc3 43.Kf2 Be2
44.Ke3 Be5 45.Rh8 f6 46.Rag8+ Kf7 47.Rf8+ Ke7 48.Re8+ Kd7 49.Rxe5 dxe5 50.gxf6 Ke6
51.Rf8 g5 52.f7 g4 53.Kf2 Ke7 54.Re8+ Kxf7 55.Rxe5 Bc4 56.Rf5+ Ke7 57.Ke3 Be6
58.Rf4 Bd7 59.Kd4 Bb5 60.Ke3 Bd7 61.Kf2 Be6 62.Kg3 Kd6 63.Rxf3  1/2-1/2

[Event "ch-CHN 2013"]
[Site "Xinghua CHN"]
[Date "2013.04.22"]
[Round "6.6"]
[White "Wei Yi"]
[Black "Wang Yue"]
[Result "1/2-1/2"]
[WhiteElo "2530"]
[BlackElo "2706"]

1.e4 e6 2.d4 d5 3.Nd2 dxe4 4.Nxe4 Bd7 5.Nf3 Bc6 6.Bd3 Nd7 7.O-O Ngf6 8.Ng3 Be7
9.Qe2 Bxf3 10.Qxf3 c6 11.c3 O-O 12.Bc2 Re8 13.Re1 Bf8 14.Ne4 Nxe4 15.Rxe4 g6
16.Bf4 Bg7 17.Re2 a5 18.g3 Nf6 19.Be5 Qd5 20.Qd3 Nd7 21.Bb3 Nxe5 22.Rxe5 Qd6
23.Re4 a4 24.Bc2 Red8 25.Rd1 Qd5 26.b3 axb3 27.Bxb3 Qh5 28.Kg2 Rd6 29.Qe2 Qxe2
30.Rxe2 Ra3 31.f4 h5 32.Red2 Kf8 33.Rd3 Ke7 34.Kf3 Ra5 35.Ke2 Ra8 36.a4 Kd7
37.Bc2 Kc7 38.Rb1 Ra5 39.Rb3 Rd8 40.Rd1 Bf8 41.Rdb1 Rb8 42.Rb6 Bd6 43.c4 Kc8
44.Kf3 Bc7 45.R6b2 Bd8 46.c5 Bf6 47.Rb4 Kc7 48.Be4 Ra7 49.h4 Rd8 50.Ke3 Rd7
51.a5 Rd8 52.Bd3 Kc8 53.Ra4 Rd7 54.a6 bxa6 55.Rb6 Rdc7 56.Be4 Kd7 57.Raxa6 Rxa6
58.Rxa6 Bg7 59.Kd3 Bh8 60.Kc4 Bf6 61.Bf3 Bg7 62.Bd1 Bf6 63.Ba4 Bg7 64.Bd1 Ke7
65.Bf3 Kd7 66.Bd1 Bf6 67.Ba4 Bg7 68.Rb6 Bf6 69.Ra6  1/2-1/2

[Event "ch-CHN 2013"]
[Site "Xinghua CHN"]
[Date "2013.04.23"]
[Round "7.2"]
[White "Li Shilong"]
[Black "Wei Yi"]
[Result "1-0"]
[WhiteElo "2558"]
[BlackElo "2530"]

1.d4 Nf6 2.c4 g6 3.Nc3 d5 4.cxd5 Nxd5 5.e4 Nxc3 6.bxc3 Bg7 7.Be3 c5 8.Qd2 Qa5
9.Rb1 b6 10.Bb5+ Bd7 11.Bd3 Bc6 12.Ne2 O-O 13.d5 Ba4 14.Bh6 Nd7 15.h4 Ne5
16.Bxg7 Kxg7 17.h5 c4 18.Bxc4 Nxc4 19.Qd4+ e5 20.Qxc4 Bc2 21.h6+ Kh8 22.Qc6 f6
23.Rb4 Qxa2 24.O-O Qa6 25.Qd7 Rg8 26.Qe6 Raf8 27.Ng3 Qc8 28.Qe7 Qxc3 29.Rc1 Qd2
30.Ra1 Qxh6 31.Rc4 Bd3 32.Rc7 a6 33.Rd1 Bb5 34.d6 Ba4 35.Rd3 Bb5 36.Rdc3 Qh4
37.d7 Bxd7 38.Rxd7 Re8 39.Qf7 Ref8 40.Qd5 Rg7 41.Qd6 Rfg8 42.Rxg7 Kxg7 43.Qxb6 h5
44.Qxa6 Rd8 45.Rd3 Rxd3 46.Qxd3 Qg4 47.Nf1 f5 48.exf5 Qxf5 49.Qxf5 gxf5 50.Nd2 Kf6
51.Kh2 Kg5 52.Kg3 h4+ 53.Kf3 Kg6 54.Ke3  1-0

[Event "ch-CHN 2013"]
[Site "Xinghua CHN"]
[Date "2013.04.24"]
[Round "8.5"]
[White "Wei Yi"]
[Black "Zhou Weiqi"]
[Result "1/2-1/2"]
[WhiteElo "2530"]
[BlackElo "2590"]

1.e4 e5 2.Nf3 Nc6 3.Bc4 Bc5 4.d3 Nf6 5.O-O d6 6.c3 Bb6 7.Nbd2 O-O 8.Bb3 Ne7
9.h3 Ng6 10.Re1 Be6 11.Nc4 c6 12.Nxb6 Bxb3 13.axb3 axb6 14.Rxa8 Qxa8 15.d4 h6
16.dxe5 dxe5 17.Qd6 Re8 18.g3 b5 19.Kg2 Qc8 20.Qb4 Rd8 21.Be3 Rd3 22.Ra1 Qd7
23.Re1 Kh7 24.Ng1 Rd1 25.Nf3 Rxe1 26.Nxe1 Qd1 27.Nf3 Qd3 28.Nd2 b6 29.Kf3 c5
30.Qa3 Nh5 31.Qa8 Qd7 32.Kg2 Nhf4+ 33.Bxf4 Nxf4+ 34.gxf4 Qxd2 35.fxe5 Qg5+
36.Kf3 Qh5+ 37.Kg2 Qxe5 38.Qc6 Qg5+ 39.Kf1 Qc1+ 40.Kg2 Qf4 41.Kg1 Qd2 42.Kg2 Qf4
43.Kg1 Qg5+ 44.Kf1 Qc1+ 45.Kg2 Qxb2 46.Qxb6 Qxc3 47.Qxb5 Qe5 48.Qc4 Kg6 49.b4 cxb4
50.Qxb4 Kg5 51.Qd2+ Qf4 52.Qd3 Kh5 53.Qd5+ Kh4 54.Qd3 h5 55.Kg1 Qg5+ 56.Kh2 Qf4+
57.Kg2 g6 58.Kg1 Qc1+ 59.Kh2 Qf4+ 60.Kg2  1/2-1/2

[Event "ch-CHN 2013"]
[Site "Xinghua CHN"]
[Date "2013.04.25"]
[Round "9.3"]
[White "Yu Yangyi"]
[Black "Wei Yi"]
[Result "1/2-1/2"]
[WhiteElo "2675"]
[BlackElo "2530"]

1.c4 Nf6 2.Nc3 e6 3.d4 Bb4 4.a3 Bxc3+ 5.bxc3 c5 6.e3 Nc6 7.Bd3 e5 8.Ne2 e4
9.Bb1 b6 10.O-O Ba6 11.f3 exf3 12.Rxf3 Bxc4 13.Ng3 d5 14.e4 cxd4 15.Bg5 dxc3
16.Nh5 dxe4 17.Nxf6+ gxf6 18.Bxe4 Qd4+ 19.Re3 O-O-O 20.Qxd4 Nxd4 21.Bxf6 b5
22.Rae1 c2 23.Bxh8 Rxh8 24.Rc3 Kd7 25.Kf2 Kd6 26.Bxc2 Nxc2 27.Rxc2 Kc5 28.Re7 Kb6
29.Ke3 Rg8 30.Rd2 Rg6 31.Red7 Re6+ 32.Kd4 a6 33.Rxf7 Rh6 34.Rg7 Rxh2 35.Kc3 Rh6
36.Rgd7 Kc5 37.Kb2 Kc6 38.Rg7 Kb6 39.Rf2 Ka5 40.Ra7 Ka4 41.Re7 a5 42.Rd2 Rh5
43.Ra7 Rh4 44.Rf2 Rh5 45.Rc7 Rh4 46.Re7 Rh5 47.Rg7 Rh4 48.Rd2 Rh5 49.Re7 Rh4
50.Re3 Rg4 51.Rh3 Bf1 52.Rh2 Rg3 53.Rh4+ b4 54.axb4 Rxg2 55.Rxg2 Bxg2 56.Kc3 axb4+
57.Rxb4+ Ka5 58.Rb2 Bf3 59.Kc4 Ka6 60.Rb3 Bd1 61.Rb1 Bf3 62.Kc5 h5 63.Rb3 Bg4
64.Rb1 Bf3 65.Rb2 Ka7 66.Rb6 Bg2 67.Rg6 Bf3 68.Rg3 Be4 69.Rh3 Bg6 70.Re3 Kb7
71.Re7+ Kc8 72.Kc6 h4 73.Re6 Bh5 74.Rh6 Bf3+ 75.Kd6 Kb7 76.Rxh4 Ka6 77.Rb4 Bg2
78.Kc5 Ka7 79.Rb6 Bb7 80.Rb3 Be4 81.Rb6 Bb7 82.Rb4 Bf3 83.Rf4 Bg2 84.Rf6 Kb7
85.Rb6+ Ka7 86.Kb5 Bf3 87.Ka5 Be4 88.Rb4 Bc6 89.Rb6 Be4 90.Re6 Bf3 91.Re3 Bd5
92.Re5 Bf3 93.Rf5 Be4 94.Rf4 Bd5 95.Rd4 Bc6 96.Rb4 Bd5 97.Rb2 Bc6 98.Rb6  1/2-1/2

[Event "ch-CHN 2013"]
[Site "Xinghua CHN"]
[Date "2013.04.26"]
[Round "10.4"]
[White "Wei Yi"]
[Black "Zhao Jun"]
[Result "0-1"]
[WhiteElo "2530"]
[BlackElo "2589"]

1.e4 c5 2.Nf3 d6 3.d4 cxd4 4.Nxd4 Nf6 5.Nc3 a6 6.Be3 e5 7.Nb3 Be6 8.Qd2 Nbd7
9.O-O-O b5 10.f3 Be7 11.g4 h6 12.h4 Rb8 13.Rg1 b4 14.Nd5 Bxd5 15.exd5 a5
16.g5 Nh5 17.Kb1 hxg5 18.hxg5 g6 19.Rh1 Kf8 20.Bd3 Kg8 21.Qg2 Bf8 22.Qg4 a4
23.Nd2 Nb6 24.Be4 Bg7 25.Bxb6 Rxb6 26.Nc4 Ra6 27.Bd3 Ra7 28.Qg1 Rb7 29.Nd2 Nf4
30.Rxh8+ Bxh8 31.Ne4 a3 32.b3 Bg7 33.Bc4 Nh5 34.Qe1 Bf8 35.c3 bxc3 36.Qxc3 Be7
37.Qc1 Qa5 38.Rh1 Kg7 39.Rh2 Qa7 40.Rh1 Rb8 41.Qg1 Qc7 42.Qc1 Qa7 43.Qg1 Qc7
44.Qc1 Nf4 45.Qc2 Rh8 46.Rxh8 Kxh8 47.Qd2 Qc8 48.Kc2 Kg7 49.Qd1 Nh3 50.Qf1 Qf5
51.Bd3 Qc8+ 52.Bc4 Qf5 53.Bd3 Nf4 54.Bc4 Bxg5 55.b4 Be7 56.Kb3 Qc8 57.Nc3 Qa8
58.Qc1 Qa7 59.Qd2 f5 60.Nb5 Qg1 61.Nxa3 g5 62.Nc2 g4 63.fxg4 fxg4 64.Qe3 Qb1+
65.Kc3 Bf6 66.Qe1 Qxe1+ 67.Nxe1 e4+ 68.Kd2 Bd4 69.Nc2 g3 70.Bf1 Ba7 71.Ne3 Kf6
72.b5 Bxe3+ 73.Kxe3 Ke5 74.Kd2 Kxd5 75.b6 Kc6 76.Ke3 g2 77.Bxg2 Nxg2+ 78.Kxe4 Nh4
79.a4 d5+ 80.Ke5 Nf3+ 81.Kf4 Nd2 82.a5 Nc4  0-1

[Event "ch-CHN 2013"]
[Site "Xinghua CHN"]
[Date "2013.04.27"]
[Round "11.4"]
[White "Ma Qun"]
[Black "Wei Yi"]
[Result "1/2-1/2"]
[WhiteElo "2559"]
[BlackElo "2530"]

1.c4 g6 2.Nc3 Nf6 3.d4 d5 4.cxd5 Nxd5 5.e4 Nxc3 6.bxc3 Bg7 7.Nf3 c5 8.Rb1 O-O
9.Be2 cxd4 10.cxd4 Qa5+ 11.Bd2 Qxa2 12.O-O Bg4 13.Bg5 h6 14.Bh4 g5 15.Bg3 Nc6
16.d5 Rad8 17.Rxb7 e6 18.Bc7 Bxf3 19.Bxf3 Rd7 20.dxc6 Rxd1 21.Rxd1 Qc2 22.Bd6 g4
23.Bxg4 Qxc6 24.Rc7 Qb6 25.Rd7 Rd8 26.Bc5 Rxd7 27.Bxb6 Rxd1+ 28.Bxd1 axb6
29.Kf1 b5 30.Ke2 b4  1/2-1/2

[Event "Chinese Teams 2013"]
[Site "Tianjin CHN"]
[Date "2013.04.30"]
[Round "1.4"]
[White "Lan,Zilun"]
[Black "Wei Yi"]
[Result "0-1"]
[WhiteElo "2165"]
[BlackElo "2530"]

1.d4 Nf6 2.c4 g6 3.Nc3 d5 4.cxd5 Nxd5 5.e4 Nxc3 6.bxc3 Bg7 7.Be3 c5 8.Rc1 O-O
9.Nf3 Qa5 10.Qd2 Rd8 11.d5 e6 12.Bg5 f6 13.Be3 Nc6 14.Bd3 b6 15.O-O Ba6 16.Bxa6 Qxa6
17.Rfd1 Qc4 18.Qd3 exd5 19.exd5 Na5 20.d6 Rd7 21.Qb1 Rad8 22.Nd2 Qa4 23.Ne4 f5
24.Ng5 Qc4 25.g3 h6 26.Nf3 Rxd6 27.Rxd6 Rxd6 28.Bf4 Re6 29.Re1 Nc6 30.Nd2 Qd5
31.Rxe6 Qxe6 32.Qd3 g5 33.Be3 Ne5 34.Qd8+ Kh7 35.h3 Qxa2 36.f4 gxf4 37.gxf4 Ng6
38.h4 Qe6 39.Kf2 Qf6 40.Qd7 Qxh4+ 41.Ke2 Qg4+ 42.Kd3 Nxf4+  0-1

[Event "Chinese Teams 2013"]
[Site "Tianjin CHN"]
[Date "2013.05.02"]
[Round "3.5"]
[White "Xu,Yinglun"]
[Black "Wei Yi"]
[Result "1/2-1/2"]
[WhiteElo "2307"]
[BlackElo "2530"]

1.d4 Nf6 2.c4 g6 3.Nc3 d5 4.e3 Bg7 5.Bd2 O-O 6.cxd5 Nxd5 7.Rc1 Nb6 8.Nf3 Nc6
9.Bb5 e5 10.Bxc6 exd4 11.Nxd4 bxc6 12.Nce2 Qd5 13.O-O c5 14.Nf4 Qd6 15.Nb5 Qc6
16.Nd4 Qd6 17.Nb5 Qe7 18.Nc3 Ba6 19.Re1 Rfd8 20.Qc2 Rab8 21.Rcd1 Bh8 22.Bc1 c6
23.h3 Qe5 24.Rxd8+ Rxd8 25.Rd1 Rxd1+ 26.Qxd1 Qe7 27.Qc2 Be5 28.Bd2 c4 29.Nce2 c5
30.Bc3 Bb7 31.Bxe5 Qxe5 32.Qd2 Qf6 33.Nc3 Bc6 34.f3 Kg7 35.Kf2 h6 36.e4 Nd7
37.Ncd5 Qe5 38.Ne3 Nb6 39.Qc3 Qxc3 40.bxc3 Na4 41.Nfd5 Bxd5 42.Nxd5 f5 43.Ke3 Kf7
44.exf5 gxf5 45.Kd2 Ke6 46.Ne3 Nb6 47.f4 h5 48.g3 Kf6 49.Ke2 Na4 50.Nd1 Nb6
51.Kf3 Nd5 52.g4 fxg4+ 53.hxg4 hxg4+ 54.Kxg4 Kg6 55.Kf3 Kf6 56.Ke4 Ke6 57.Kf3 Kf6
58.Kg3 Kf5 59.Kf3  1/2-1/2

[Event "Chinese Teams 2013"]
[Site "Tianjin CHN"]
[Date "2013.05.03"]
[Round "4.2"]
[White "Wei Yi"]
[Black "Zhao Jun"]
[Result "1-0"]
[WhiteElo "2530"]
[BlackElo "2589"]

1.e4 e5 2.Nf3 Nc6 3.Bb5 Nf6 4.d3 Bc5 5.Bxc6 dxc6 6.Nbd2 Nd7 7.O-O O-O 8.Nc4 Re8
9.Bd2 Bd6 10.Bc3 c5 11.a4 b6 12.Kh1 Bb7 13.Ne3 Nf8 14.Nf5 Ng6 15.b3 Bc8 16.Bd2 Ne7
17.Ng3 Nc6 18.Bg5 Qd7 19.h3 Qe6 20.Be3 g6 21.Nh2 f5 22.exf5 gxf5 23.f4 exf4
24.Bxf4 Bxf4 25.Rxf4 Qe5 26.Nh5 Nd4 27.Qf1 Bb7 28.c3 Ne2 29.Rxf5 Qxc3 30.Ng4 Re6
31.Ngf6+ Rxf6 32.Nxf6+ Kh8 33.Qxe2 Qxa1+ 34.Kh2 Qd4 35.Qe7 Qd6+ 36.Re5 Qxd3
37.Rh5  1-0

[Event "4th Hainan Danzhou GM"]
[Site "Danzhou CHN"]
[Date "2013.05.20"]
[Round "1.4"]
[White "Wei Yi"]
[Black "Bu Xiangzhi"]
[Result "1/2-1/2"]
[WhiteElo "2530"]
[BlackElo "2662"]

1.e4 e5 2.Nf3 Nf6 3.Nc3 Bb4 4.Nxe5 O-O 5.Be2 Re8 6.Nd3 Bxc3 7.dxc3 Nxe4 8.O-O d6
9.f3 Nf6 10.Bg5 Nc6 11.Re1 Ne5 12.Nxe5 Rxe5 13.f4 Re6 14.Bd3 h6 15.Bh4 Bd7
16.Qf3 c6 17.Qg3 d5 18.Kh1 Qf8 19.Rxe6 fxe6 20.Re1 b5 21.h3 a5 22.Re5 b4
23.c4 dxc4 24.Bxc4 Nd5 25.Re4 Qf7 26.f5 Re8 27.fxe6 Rxe6 28.Rxe6 Bxe6 29.Qd6 Bf5
30.Qxc6 Be4 31.Qc8+ Kh7 32.Qg4 Qf4 33.Qxf4 Nxf4 34.Bd8 a4 35.Ba5 Nxg2 36.Bd3 Bxd3
37.Kxg2 Bxc2 38.Bxb4 Bb1 39.b3 axb3 40.axb3 Bc2 41.h4 g5 42.hxg5 hxg5 43.Be7 Bxb3
44.Bxg5  1/2-1/2

[Event "4th Hainan Danzhou GM"]
[Site "Danzhou CHN"]
[Date "2013.05.22"]
[Round "3.3"]
[White "Wei Yi"]
[Black "Ni Hua"]
[Result "0-1"]
[WhiteElo "2530"]
[BlackElo "2646"]

1.e4 e5 2.Nf3 Nc6 3.Nc3 Nf6 4.Bb5 Bb4 5.O-O O-O 6.d3 d6 7.Bg5 Ne7 8.Nh4 c6
9.Bc4 d5 10.Bb3 a5 11.a4 Bg4 12.f3 Be6 13.f4 exf4 14.Bxf6 gxf6 15.exd5 cxd5
16.Ne2 Bd6 17.Nxf4 Bxf4 18.Rxf4 Ng6 19.Nxg6 hxg6 20.Qe1 Kg7 21.Qe3 f5 22.c3 Qf6
23.Re1 d4 24.Rxd4 Bxb3 25.g4 Rfe8 26.g5 Qc6  0-1

[Event "4th Hainan Danzhou GM"]
[Site "Danzhou CHN"]
[Date "2013.05.23"]
[Round "4.4"]
[White "Yu Yangyi"]
[Black "Wei Yi"]
[Result "1/2-1/2"]
[WhiteElo "2675"]
[BlackElo "2530"]

1.e4 c5 2.Nf3 d6 3.d4 cxd4 4.Nxd4 Nf6 5.Nc3 g6 6.Be3 Bg7 7.f3 Nc6 8.Qd2 O-O
9.Bc4 Bd7 10.g4 Rc8 11.Be2 Nxd4 12.Bxd4 Qa5 13.a3 Be6 14.O-O-O Bc4 15.Kb1 Rfd8
16.h4 h5 17.g5 Ne8 18.Rhe1 b5 19.Nd5 Qxd2 20.Rxd2 Rd7 21.Nc3 Bxe2 22.Rexe2 Rb7
23.Nd5 Bxd4 24.Rxd4 Kf8 25.Re3 Nc7 26.Rc3 Ke8 27.a4 Kd7 28.axb5 Rxb5 29.Ra3 Nxd5
30.Rxd5 Rxd5 31.Rxa7+ Kd8 32.exd5 Rc4 33.Ra8+ Kd7 34.Rf8 Rf4 35.Ka2 Rxf3
36.b4 Rc3 37.Kb2 Rc4 38.Kb3 Rxh4 39.b5 Rh1 40.Rxf7 h4 41.Rh7 h3 42.Kb2 h2
43.c4 Kc8 44.Ka2 Kb8 45.Kb2 Kc8 46.Ka2 Kd8 47.Kb2 Kd7 48.Rh8 Kc7 49.Rh7 Kb6
50.Rh8 Kc5 51.Rc8+ Kd4 52.Rh8 Rf1 53.Rxh2 Kxc4 54.Re2 Kxb5 55.Rxe7 Rf5 56.Re6 Rxg5
57.Rxd6 Kc5 58.Ra6 Rxd5 59.Rxg6 Rd6 60.Rxd6 Kxd6  1/2-1/2

[Event "4th Hainan Danzhou GM"]
[Site "Danzhou CHN"]
[Date "2013.05.24"]
[Round "5.2"]
[White "Wei Yi"]
[Black "Xiu Deshun"]
[Result "0-1"]
[WhiteElo "2530"]
[BlackElo "2534"]

1.e4 c5 2.Nf3 d6 3.d4 cxd4 4.Nxd4 Nf6 5.Nc3 a6 6.Be3 e5 7.Nb3 Be7 8.f3 Be6
9.Qd2 O-O 10.O-O-O Nbd7 11.g4 b5 12.g5 b4 13.Ne2 Ne8 14.f4 a5 15.f5 a4 16.Nbd4 exd4
17.Nxd4 b3 18.Kb1 bxc2+ 19.Nxc2 Bb3 20.axb3 axb3 21.Na3 Ne5 22.h4 Ra4 23.Bd4 Qa8
24.Qe3 Nc7 25.f6 gxf6 26.gxf6 Bxf6 27.Rg1+ Kh8 28.Qh6 Qd8 29.Bc4 Ne6 30.Bc3 Qe7
31.Rxd6 Rg8 32.Rdd1 Bg7 33.Bxe5 Bxe5 34.Rxg8+ Kxg8 35.Qe3 Bxb2 36.Bxe6 Rxa3
37.Rg1+ Kh8 38.Bxb3 Ra1+ 39.Kc2 Qc7+ 40.Kxb2 Qe5+ 41.Kc2 Qh2+ 42.Kd3 Rxg1
43.Qd4+ Kg8 44.Bxf7+ Kxf7 45.Qd7+ Kg6 46.Qe6+ Kh5 47.Qf5+ Kh6 48.Qf8+ Rg7
49.Qd6+ Qxd6+  0-1

[Event "4th Hainan Danzhou GM"]
[Site "Danzhou CHN"]
[Date "2013.05.25"]
[Round "6.5"]
[White "Lu Shanglei"]
[Black "Wei Yi"]
[Result "0-1"]
[WhiteElo "2551"]
[BlackElo "2530"]

1.e4 e5 2.Nf3 Nc6 3.Bb5 a6 4.Bxc6 dxc6 5.O-O Bg4 6.h3 h5 7.d3 Qf6 8.Nbd2 Ne7
9.Re1 Ng6 10.d4 Bd6 11.dxe5 Bxe5 12.Nc4 Bxf3 13.Qxf3 Qxf3 14.gxf3 O-O-O 15.Be3 Bf6
16.Reb1 Nh4 17.f4 Rhe8 18.e5 Be7 19.Rd1 Rd5 20.Kf1 Nf5 21.Ke2 f6 22.Kf3 Nh4+
23.Kg3 Nf5+ 24.Kf3 fxe5 25.fxe5 Nxe3 26.fxe3 Rc5 27.b3 b5 28.Na5 Bg5 29.Rd3 Rxc2  0-1

[Event "4th Hainan Danzhou GM"]
[Site "Danzhou CHN"]
[Date "2013.05.27"]
[Round "7.1"]
[White "Wei Yi"]
[Black "Zhou Weiqi"]
[Result "1/2-1/2"]
[WhiteElo "2530"]
[BlackElo "2590"]

1.e4 e6 2.d4 d5 3.Nd2 c5 4.Ngf3 cxd4 5.exd5 Qxd5 6.Bc4 Qd7 7.O-O Nc6 8.Nb3 Nf6
9.Qe2 a6 10.a4 Qc7 11.Rd1 Bd7 12.Nbxd4 Be7 13.Nxc6 Bxc6 14.Ne5 Bd5 15.Bxd5 Nxd5
16.c4 Nf6 17.Bf4 Qc8 18.g4 h6 19.h4 a5 20.Qf3 h5 21.g5 Ng4 22.Nd7 Ra6 23.Qb3 e5
24.Bg3 f6 25.g6 f5 26.Qb5 Rxg6 27.Nxe5+ Rc6 28.Nxc6 bxc6 29.Qxa5 f4 30.Bxf4 Nxf2
31.Kxf2 O-O 32.Qe5 Bxh4+ 33.Kg2 Qg4+ 34.Bg3 Rf3 35.Ra3 Bxg3 36.Qe8+ Rf8 37.Qd7 Rf2+
38.Kg1 Rf5 39.Qxf5 Qxf5 40.Rxg3 h4 41.Rg2 g5 42.Rf1 Qe5 43.Kh1 Qe4 44.Kh2 Qe5+
45.Kh1 Qe4 46.Kh2 Qe5+ 47.Kh1 Qe4 48.Kh2 Kh7 49.Rfg1 Qf4+ 50.Kh3 Qf3+ 51.Kh2 Qf4+
52.Kh3 Qf3+ 53.Kh2 Qf4+ 54.Kh3 Qf3+  1/2-1/2

[Event "4th Hainan Danzhou GM"]
[Site "Danzhou CHN"]
[Date "2013.05.28"]
[Round "8.5"]
[White "Wei Yi"]
[Black "Zhou Jianchao"]
[Result "1-0"]
[WhiteElo "2530"]
[BlackElo "2607"]

1.e4 c5 2.Nf3 d6 3.d4 cxd4 4.Nxd4 Nf6 5.Nc3 a6 6.Be3 e6 7.f3 b5 8.Qd2 Nbd7
9.g4 b4 10.Nce2 h6 11.O-O-O Qc7 12.h4 d5 13.exd5 Nxd5 14.Nf4 Nxe3 15.Qxe3 Qe5
16.Qd2 Bc5 17.Nf5 O-O 18.Re1 Qb8 19.Nxg7 b3 20.axb3 Qb4 21.c3 Qxb3 22.Ngh5 Rb8
23.Nd3 Ba3 24.Rh2 Bb7 25.Kb1 Bxf3 26.Qxh6 Qxc3 27.Re5  1-0

[Event "4th Hainan Danzhou GM"]
[Site "Danzhou CHN"]
[Date "2013.05.29"]
[Round "9.2"]
[White "Wen Yang"]
[Black "Wei Yi"]
[Result "0-1"]
[WhiteElo "2618"]
[BlackElo "2530"]

1.d4 Nf6 2.c4 e6 3.g3 d5 4.Nf3 Be7 5.Bg2 O-O 6.O-O dxc4 7.Qc2 a6 8.a4 Nc6
9.Qxc4 Qd5 10.Nbd2 Rd8 11.e3 Qxc4 12.Nxc4 Rb8 13.Rd1 Bd7 14.Bd2 Ne4 15.Be1 Be8
16.Rdc1 Rdc8 17.Nfe5 Nxe5 18.Nxe5 Nf6 19.b3 Nd7 20.Nc4 Kf8 21.b4 c6 22.h4 f6
23.Bh3 Bf7 24.Nb2 Ke8 25.Nd3 Rd8 26.Bc3 Nb6 27.Nc5 f5 28.Bg2 Nd5 29.Bf3 Bf6
30.Nd3 h6 31.Kf1 g5 32.hxg5 hxg5 33.Ke2 Ke7 34.Rab1 Rbc8 35.Bd2 Be8 36.Rh1 Bg6
37.Rb3 Rh8 38.Rc1 b5 39.Ra3 Rhd8 40.Nc5 e5 41.dxe5 Bxe5 42.Nxa6 Bb2 43.Raa1 bxa4
44.Nc5 a3 45.e4 g4 46.Bg2 fxe4 47.Bg5+ Nf6 48.Bxe4 Bxc1 49.Rxc1 Kf7  0-1

[Event "12th World U16 Ol"]
[Site "Chongqing CHN"]
[Date "2013.07.24"]
[Round "4"]
[White "Wei Yi"]
[Black "Artemiev,V"]
[Result "0-1"]
[WhiteElo "2557"]
[BlackElo "2554"]

1.e4 c5 2.Nf3 e6 3.d4 cxd4 4.Nxd4 a6 5.Bd3 Nf6 6.O-O Qc7 7.Qe2 d6 8.f4 g6
9.Nc3 Bg7 10.e5 dxe5 11.Ndb5 axb5 12.Nxb5 Qe7 13.fxe5 O-O 14.exf6 Bxf6 15.c3 Bg7
16.a4 Bd7 17.Bf4 e5 18.b4 Na6 19.Rae1 Rae8 20.Bc4 Bc6 21.Be3 e4 22.Qa2 Be5
23.Nd4 Bd7 24.Bd5 Bc8 25.g3 Bh3 26.Rf2 Qd7 27.Rd2 Qg4 28.Kh1 Re7 29.Rf2 Qh5
30.Kg1 Qg4 31.Kh1 Rd7 32.Ne2 Nc7 33.Bc4 Qh5 34.Bc5 Bg4 35.Bxf8 Bf3+ 36.Kg1 Kxf8
37.Ref1 g5 38.Qc2 g4 39.Qc1 Qg6 40.Qe3 Qc6 41.Bb3 Rd3 42.Qg5 Qf6 43.Qxf6 Bxf6
44.Bc2 Re3 45.Bd1 Nd5 46.b5 Rd3 47.Bc2 Re3 48.Nd4 Nxc3 49.Nxf3 gxf3 50.Bxe4 Rxe4
51.Rxf3 Bd4+ 52.Kg2 f6 53.Rc1 Nxa4 54.Rc8+ Kf7 55.Rc7+ Kg6 56.Rxb7 Nc5 57.Rc7 Re2+
58.Kf1 Rxh2 59.Rc6 Ne4  0-1